000 00712nam a22002297a 4500
005 20170124110030.0
010 _aA-779880
020 _c00.00
_a8185445974
035 _aA-779880
037 _bCen Lib/Ret
040 _adpl
_bEN
082 _a338.95453
_bPRA
100 _aPrasad, Pradhan H.
_921524
245 _aThe tradegy of Bihar /
_cby Pradhan H.Prasad;edited by Meera Datta
260 _bManak Publications
_c1996
_aNew Delhi
270 _aG-19, Vijay Chowk, Laxmi Nagar
_bNew Delhi
_e110092
300 _aviii,207p.
_c20cm(Hb)
650 _aBihar.
_921525
650 _aEconomic condition of Bihar.
_921526
700 _aDatta, Meera
_921527
942 _2ddc
_cEN
_h338.95453
_mPRA
999 _c127780
_d127780